Commentary on the book of the Acts : (Record no. 4855)
[ view plain ]
| 000 -LEADER | |
|---|---|
| fixed length control field | 01146cam a2200325Ia 4500 |
| 001 - CONTROL NUMBER | |
| control field | 12596313 |
| 003 - CONTROL NUMBER IDENTIFIER | |
| control field | OSt |
| 005 - DATE AND TIME OF LATEST TRANSACTION | |
| control field | 20181217120710.0 |
| 008 - FIXED-LENGTH DATA ELEMENTS--GENERAL INFORMATION | |
| fixed length control field | 850924s1973 miu b 001 0 eng d |
| 010 ## - LIBRARY OF CONGRESS CONTROL NUMBER | |
| LC control number | 54012695 |
| 020 ## - INTERNATIONAL STANDARD BOOK NUMBER | |
| International Standard Book Number | 0802821820 |
| 040 ## - CATALOGING SOURCE | |
| Original cataloging agency | GFC |
| Transcribing agency | GFC |
| Modifying agency | m/c |
| -- | MAL |
| 082 ## - DEWEY DECIMAL CLASSIFICATION NUMBER | |
| Classification number | REF 226.6 |
| Item number | B886C |
| 090 ## - LOCALLY ASSIGNED LC-TYPE CALL NUMBER (OCLC); LOCAL CALL NUMBER (RLIN) | |
| Classification number (OCLC) (R) ; Classification number, CALL (RLIN) (NR) | BS2625.3 |
| Local cutter number (OCLC) ; Book number/undivided call number, CALL (RLIN) | .B72 1973 |
| 092 ## - LOCALLY ASSIGNED DEWEY CALL NUMBER (OCLC) | |
| Classification number | 226.6 |
| 092 ## - LOCALLY ASSIGNED DEWEY CALL NUMBER (OCLC) | |
| Classification number | 226.6077 |
| Item number | B83c |
| 100 1# - MAIN ENTRY--PERSONAL NAME | |
| Personal name | Bruce, F. F. |
| Fuller form of name | (Frederick Fyvie), |
| Dates associated with a name | 1910-1990. |
| 245 10 - TITLE STATEMENT | |
| Title | Commentary on the book of the Acts : |
| Remainder of title | the English text, with introduction, exposition, and notes / |
| Statement of responsibility, etc. | by F.F. Bruce. |
| 260 ## - PUBLICATION, DISTRIBUTION, ETC. | |
| Place of publication, distribution, etc. | Grand Rapids, Mich. : |
| Name of publisher, distributor, etc. | Wm. B. Eerdmans, |
| Date of publication, distribution, etc. | [1973?] |
| 300 ## - PHYSICAL DESCRIPTION | |
| Extent | 555 p. ; |
| Dimensions | 22 cm. |
| 490 1# - SERIES STATEMENT | |
| Series statement | The New international commentary on the New Testament. |
| 500 ## - GENERAL NOTE | |
| General note | "New edition"--Pref. |
| 500 ## - GENERAL NOTE | |
| General note | "Fourteenth printing, January 1979." |
| 500 ## - GENERAL NOTE | |
| General note | Originally published in 1954. |
| 504 ## - BIBLIOGRAPHY, ETC. NOTE | |
| Bibliography, etc. note | Includes bibliographical references and indexes. |
| 630 00 - SUBJECT ADDED ENTRY--UNIFORM TITLE | |
| Uniform title | Bible. |
| Name of part/section of a work | Acts |
| Form subdivision | Commentaries. |
| 730 0# - ADDED ENTRY--UNIFORM TITLE | |
| Uniform title | Bible. |
| Name of part/section of a work | Acts. |
| Language of a work | English. |
| Version | American Standard. |
| Date of a work | 1973. |
| 830 #0 - SERIES ADDED ENTRY--UNIFORM TITLE | |
| Uniform title | New international commentary on the New Testament. |
| 942 ## - ADDED ENTRY ELEMENTS (KOHA) | |
| Source of classification or shelving scheme | Dewey Decimal Classification |
| Koha item type | Reference |
| Withdrawn status | Lost status | Source of classification or shelving scheme | Damaged status | Not for loan | Collection code | Home library | Current library | Shelving location | Date acquired | Cost, normal purchase price | Total Checkouts | Full call number | Barcode | Date last seen | Price effective from | Koha item type |
|---|---|---|---|---|---|---|---|---|---|---|---|---|---|---|---|---|
| Dewey Decimal Classification | Not For Loan | Reference | Harvest Mission College | Harvest Mission College | Reference | 17.12.2018 | 1350.00 | REF 226.6 B886C | 005554 | 17.12.2018 | 17.12.2018 | Reference | ||||
| Dewey Decimal Classification | Not For Loan | Reference | Harvest Mission College | Harvest Mission College | Reference | 17.12.2018 | 1350.00 | REF 226.6 B886C | 011155 | 04.02.2021 | 17.12.2018 | Reference |
